书目信息 |
| 题名: |
图解立案证据定罪量刑标准与法律适用
|
|
| 作者: | 刘灿华 , 杨建军 编著 | |
| 分册: | 第五分册 检察分册 | |
| 出版信息: | 北京 中国法制出版社 2016 |
|
| 页数: | 490页 | |
| 开本: | 26cm | |
| 丛书名: | 最新执法办案实务丛书 | |
| 单 册: | ||
| 中图分类: | D924.305 , D924.392.5 | |
| 科图分类: | ||
| 主题词: | 刑事犯罪--xing shi fan zui--法律适用--中国 , 贪污贿赂罪--tan wu hui lu zui--法律适用--中国 , 渎职罪--du zhi zui--法律适用--中国 , 侵犯人身权利罪--qin fan ren shen quan li zui--法律适用--中国 | |
| 电子资源: | ||
| ISBN: | 978-7-5093-7124-4 | |
| 000 | 01624nam0 22003491 450 | |
| 001 | 1730330019 | |
| 005 | 20170527084732.53 | |
| 010 | @a978-7-5093-7124-4@dCNY78.00 | |
| 100 | @a20160504d2016 em y0chiy50 ea | |
| 101 | 0 | @achi |
| 102 | @aCN@b110000 | |
| 105 | @ak zn 000yy | |
| 106 | @ar | |
| 200 | 1 | @a图解立案证据定罪量刑标准与法律适用@Atu jie li an zheng ju ding zui liang xing biao zhun yu fa lv shi yong@h第五分册@i检察分册@f刘灿华,杨建军编著 |
| 205 | @a10版 | |
| 210 | @a北京@c中国法制出版社@d2016 | |
| 215 | @a490页@d26cm | |
| 225 | 2 | @a最新执法办案实务丛书@Azui xin zhi fa ban an shi wu cong shu |
| 314 | @a版权页题:本书编写组编 | |
| 330 | @a本书紧密结合刑事办案工作实际,对人民检察院直接受理立案侦查的罪案无一遗漏地进行了系统阐述和解释。对办案中涉及的关于立案标准、认定罪名、罪与非罪的区别、共同犯罪、一罪与数罪、此罪与彼罪、罪重罪轻、证据范围和法律适用等问题进行了详细介绍,逻辑清晰,语言流畅,针对性强,有利于办案时参考。 | |
| 461 | 0 | @12001 @a最新执法办案实务丛书 |
| 512 | 1 | @a图解立案证据定罪量刑标准与法律适用@h第五分册@i贪污贿赂案·渎职案·国家机关工作人员利用职权实施的侵犯公民人身权利·民主权利案 |
| 606 | 0 | @a刑事犯罪@Axing shi fan zui@x法律适用@y中国 |
| 606 | 0 | @a贪污贿赂罪@Atan wu hui lu zui@x法律适用@y中国 |
| 606 | 0 | @a渎职罪@Adu zhi zui@x法律适用@y中国 |
| 606 | 0 | @a侵犯人身权利罪@Aqin fan ren shen quan li zui@x法律适用@y中国 |
| 690 | @aD924.305@v5 | |
| 690 | @aD924.392.5@v5 | |
| 701 | 0 | @a刘灿华@Aliu can hua@f(1965~)@4编著 |
| 701 | 0 | @a杨建军@Ayang jian jun@c(法律)@4编著 |
| 801 | 0 | @aCN@bTANG WEI@c20170524 |
| 905 | @b0969588-92@dD924.305@e679:5=10@f5 | |
| 图解立案证据定罪量刑标准与法律适用.第五分册.检察分册/刘灿华,杨建军编著.-10版.-北京:中国法制出版社,2016 |
| 490页;26cm.-(最新执法办案实务丛书) |
| ISBN 978-7-5093-7124-4:CNY78.00 |
| 本书紧密结合刑事办案工作实际,对人民检察院直接受理立案侦查的罪案无一遗漏地进行了系统阐述和解释。对办案中涉及的关于立案标准、认定罪名、罪与非罪的区别、共同犯罪、一罪与数罪、此罪与彼罪、罪重罪轻、证据范围和法律适用等问题进行了详细介绍,逻辑清晰,语言流畅,针对性强,有利于办案时参考。 |
| ● |
| 相关链接 |
|
|
|
|
正题名:图解立案证据定罪量刑标准与法律适用
索取号:D924.305/679:5=10
 
预约/预借
| 序号 | 登录号 | 条形码 | 馆藏地/架位号 | 状态 | 备注 |
| 1 | 0969588 | 209695882 | 第一样本阅览室/ [索取号:D924.305/679:5=10] | 在馆 | |
| 2 | 0969589 | 209695891 | 第一借阅区/ [索取号:D924.305/679:5=10] | 在馆 | |
| 3 | 0969590 | 209695908 | 第一借阅区/ [索取号:D924.305/679:5=10] | 在馆 | |
| 4 | 0969591 | 209695917 | 第一借阅区/ [索取号:D924.305/679:5=10] | 在馆 | |
| 5 | 0969592 | 209695926 | 密集书库-史法系/ [索取号:D924.305/679:5=10] | 在馆 |